Sovereigns of the sea : the quest to build the perfect Renaissance battleship
Savor the story of the ultimate warship in Sovereigns of the Sea: The Quest to Build the Perfect Renaissance Battleship, which chronicles the history of Sovereign of the Seas, an immensely powerful floating fortress. You will enjoy this gripping tale of an arms race that created and ruined empires,...
Gorde:
| Egile nagusia: | |
|---|---|
| Formatua: | Liburua |
| Hizkuntza: | Undetermined |
| Argitaratua: |
Hoboken, N.J.
J. Wiley & Sons
2008
|
| Gaiak: | |
| Etiketak: |
Etiketa erantsi
Etiketarik gabe, Izan zaitez lehena erregistro honi etiketa jartzen!
|
| Thư viện lưu trữ: | Trung tâm Học liệu Trường Đại học Cần Thơ |
|---|
| LEADER | 01434nam a2200241Ia 4500 | ||
|---|---|---|---|
| 001 | CTU_164659 | ||
| 008 | 210402s9999 xx 000 0 und d | ||
| 020 | |c 27.95 | ||
| 082 | |a 623.8225 | ||
| 082 | |b K82 | ||
| 100 | |a Konstam, Angus | ||
| 245 | 0 | |a Sovereigns of the sea : | |
| 245 | 4 | |b the quest to build the perfect Renaissance battleship | |
| 245 | 0 | |c Angus Konstam | |
| 260 | |a Hoboken, N.J. | ||
| 260 | |b J. Wiley & Sons | ||
| 260 | |c 2008 | ||
| 520 | |a Savor the story of the ultimate warship in Sovereigns of the Sea: The Quest to Build the Perfect Renaissance Battleship, which chronicles the history of Sovereign of the Seas, an immensely powerful floating fortress. You will enjoy this gripping tale of an arms race that created and ruined empires, changed the map of the world, and led Europe out of the Renaissance and into the Modern age. Understand how the Sovereign of the Seas became the model for a whole new generation of warships that would dominate naval warfare until the advent of steam power | ||
| 650 | |a Warships,Warships,Ordnance, Naval,Tàu chiến,Tàu chiến,Vũ khí, Hải quân | ||
| 650 | |x Design and construction,History,History,Thiết kế và xây dựng,Lịch sử,Lịch sử | ||
| 650 | |y 16th century,16th century,16th century,thế kỷ 16,thế kỷ 16,thế kỷ 16 | ||
| 910 | |a Nguyên | ||
| 980 | |a Trung tâm Học liệu Trường Đại học Cần Thơ | ||